000 00455nam a22001697a 4500
005 20230117105611.0
008 220215b ||||| |||| 00| 0 eng d
020 _a978818573177
041 _aeng
082 _a615.19
_bSIN-M
100 _aSINGH , HARKISHAN AND KAPOOR , V.K
_95083
245 _aMEDICINAL AND PHARMACEUTICAL CHEMISTRY
260 _aDELHI
_bVALLABH PRAKASHAN
300 _a854; P.
650 _aPHARMACY
_xB.PHARMA
_97083
942 _cBK
999 _c7940
_d7938